| 000 | 00933nam a2200217Ii 4500 | ||
|---|---|---|---|
| 003 | JO-AjNU | ||
| 008 | 230605s9999||||xx |||||||||||||| ||und|| | ||
| 017 | _a1980/2857 | ||
| 020 | _a977-7317-64-6 | ||
| 040 |
_aJO-AjNU _bara _erda _cJO-AjNU |
||
| 041 | _aara | ||
| 050 | 1 | 4 | _aGC1015.2 1980 |
| 100 | 3 |
_aتاليف بروان، سيوم... وآخرون، م.مشارك كورنيل، نينا، م.مشارك فابيان، لارى، .مشارك ويس، اديت بروان؛ ترجمة فرج، فرج محمد, _eauthor _937084 |
|
| 245 | 0 | 0 | _aالتكنولوجية الحديثة في استغلال المحيطات والفضاء الخارجي |
| 264 | 3 | 1 | _aالقاهرة: دار غريب، 1980 |
| 300 | _a277ص | ||
| 336 |
_atext _btxt _2rdacontent |
||
| 337 |
_aunmediated _bn _2rdamedia |
||
| 338 |
_avolume _bnc _2rdacarrier |
||
| 650 | 4 |
_aالمحيطات والفضاء الخارجي-تكنولوجية _937085 |
|
| 999 |
_aA15464 _c19032 _d19032 |
||